000 00497nam a2200217Ia 4500
005 20241216010149.0
008 180423s9999||||xx |||||||||||||| ||und||
082 _a803
_bA99
100 _aAZUELA, MARIANO
245 0 _aLOS DE ABAJO
250 _a0
260 _aLIMA-PERU
_bJUAN MEJIA BACA
_c199
300 _a153 pag.
_c17 cm
341 _h0
490 _v0
_a0
505 _aNOVELA-LITERARIA
541 _aC
_d21-Dec-93
650 _aLITERATURA
856 _zHumanidades
942 _cLIBRO
999 _c7165
_d7165